| 000 | 01822cam a22004454i 4500 | ||
|---|---|---|---|
| 003 | PE-LiUPU | ||
| 005 | 20250731173443.0 | ||
| 008 | 150616s r 000 0 d | ||
| 035 | _a(Sirsi) a5803 | ||
| 040 |
_aPE-LiUPU _bspa _cPE-LiUPU _erda |
||
| 049 | _aPRUA | ||
| 082 | 0 | 4 |
_a230.2116 _bI61 _221 |
| 110 | 2 | _aInterrogantes de fe | |
| 245 | 1 | 0 | _aInterdonato, Sentido teológico de la Secularización. |
| 264 | 1 |
_aSucre : _bEdiciones Paulinas, _cs/f. |
|
| 300 |
_a118 páginas ; _c19 cm. |
||
| 336 |
_atext _2rdacontent |
||
| 337 |
_aunmediated _2rdamedia |
||
| 338 |
_avolume _2rdacarrier |
||
| 505 | 0 | _aLo sagrado y lo numinoso en la realidad religiosa.- Fenomenología de la secularización en el mundo a nivel popular e institucional.- promoción teológica de la secularización.- La secularización y la decadencia de lo religioso fuera y dentro del cristianismo.- Religión y revelación en el cristianismo.- La secularización y su relación en el cristianismo.- El futuro de las naciones católicas en la era de la secularización. | |
| 526 | _aSEG42 | ||
| 526 | _aSEG41 | ||
| 526 | _aSEG40 | ||
| 526 | _aSEG39 | ||
| 526 | _aP94 | ||
| 526 | _aP87 | ||
| 526 | _aP86 | ||
| 526 | _aP85 | ||
| 526 | _aP77 | ||
| 526 | _aP76 | ||
| 526 | _aP35 | ||
| 650 | 0 | 4 | _aSECULARIZACION (IGLESIA CATOLICA). |
| 910 |
_ajck _bjvq _cjck |
||
| 942 |
_2ddc _cBOOK |
||
| 949 |
_a230.2116 I61 _wDEWEY _c1 _i39246 _lCCODEBUL1 _mBUL _p00.00 _r0 _sY _tBOOK _u19951008 _xTEOLOGIA _zUNKNOWN _0COMPRA _o.STAFF. Colección General |
||
| 994 |
_aC0 _bPEPRU |
||
| 596 | _a1 | ||
| 999 |
_a230.2116 I61 _wDEWEY _c56870 _i39246 _d56870 _f2021-11-11 _g5 _lCCODEBUL1 _mBUL _q1 _r0 _sY _tBOOK _u2015-6-16 _xTEOLOGIA _zUNKNOWN _0COMPRA _o.STAFF. Colección General |
||
| 980 |
_81 _gALBERTO SANCHEZ Responsable de Automatización |
||